Diccionario de la lengua española / Real Academia Española
Descripción Física:
XXXI, 1513 p . ; 31 cm
MARC
| LEADER | 00000nam a2200000Ia 4500 | ||
|---|---|---|---|
| 001 | 10085 | ||
| 008 | 160829s1992 xx 000 0 cat d | ||
| 080 | |a Sala Tècnica | ||
| 100 | |a Real Academia Española |9 11680 | ||
| 245 | |a Diccionario de la lengua española / Real Academia Española | ||
| 250 | |a 21a ed. | ||
| 260 | |a Madrid : |b la Real Academia, |c 1992 | ||
| 300 | |a XXXI, 1513 p . ; |c 31 cm | ||
| 650 | 0 | |a Castellà |v Diccionaris |9 11681 | |
| 650 | |a Enciclopèdies i diccionaris castellans |9 36155 | ||
| 901 | |a Arxiu | ||
| 942 | |n 1 | ||
| 952 | |0 0 |1 0 |4 0 |6 SALA_TÈCNICA |7 1 |9 47196 |a Arxiu |b Arxiu |d 2016-12-01 |l 0 |o Sala Tècnica |p 10085 |r 2016-12-01 00:00:00 |w 2016-12-01 |y ARXIU | ||
| 999 | |c 50993 |d 50993 | ||